01669nam a22003857a 4500003000500000005001700005008004100022010001000063011001000073035001000083040000900093090001000102100003300112245021000145260004100355300001900396502010900415590003700524590004100561590004100602590004100643590004100684590004200725650003300767650003200800650002800832901000700860905002600867942000900893949005500902949004200957999001700999952014001016952012701156CHAP20220329142316.0000606d1999 mx a r 00110 spa d a81424 a82396 a92889 cCHAP aTesis00aMorales Vidal, Santo.97844310aIdentificación de un hongo entomopatógeno del pulgón gigante (Longistigma caryae Harris) del nogal de castilla (Juglans regia L.) en San Luis Teolocholco, Tlaxcala, Méxicoc/por Santo Morales Vidal aChapingo, Méx. :bEl autor,c1999. a95 h. :bilus. aTesis (Ing. Agr. Esp. en Parasitología Agrícola) -- UACH. Departamento de Parasitología Agrícola aALEPHb10c20130110lUCH01h1436 aBATCH-UPDb10c20130110lUCH01h0618 aBATCH-UPDb10c20130110lUCH01h2338 aBATCH-UPDb10c20130410lUCH01h0300 aBATCH-UPDb10c20130914lUCH01h1621 aCONVERSIONb10c20130109lUCH01h134514aHongos entomógenos.95613114aLonggistigma caryae.96758014aNogalxTlaxcala.981571 aBK aAlejandra Carrasco M. cFOLL bBCcTESd33724000783346eTS2fc.2h36486i92889si bBCcTESd928891eTS1h36485i92889sb c81424d81424 00102local4053708TESISaBCbBCcPA_TESISd2019-12-31fTESISl0oTesisp33724000783346r2019-12-31 00:00:00tc.2w2019-12-31yTESIS 00102local4051708TESISaBCbBCcPA_TESISd2019-12-31fTESISl0oTesisp928891r2019-12-31 00:00:00w2019-12-31yTESIS